000
00278nam a22001097a 4500
082
_a
546.4 HOL,T
100
_a
HOLMYARD, E.J:PALMER, W.G
_9
73235
245
_a
A TEXT BOOK OF THEORETICAL & INORGANIC CHEMISTRY
260
_a
LONDON
_b
J.M DENT
_c
1959
300
_a
854P
942
_c
BK
999
_c
579049
_d
579049